<?xml version="1.0" encoding="UTF-8"?>
<record
    xmlns:xsi="http://www.w3.org/2001/XMLSchema-instance"
    xsi:schemaLocation="http://www.loc.gov/MARC21/slim http://www.loc.gov/standards/marcxml/schema/MARC21slim.xsd"
    xmlns="http://www.loc.gov/MARC21/slim">

  <leader>00709nam a22001337a 4500</leader>
  <datafield tag="040" ind1=" " ind2=" ">
    <subfield code="c">RUA</subfield>
  </datafield>
  <datafield tag="082" ind1=" " ind2=" ">
    <subfield code="a">AGR SOM 2017 B646 Or.1</subfield>
  </datafield>
  <datafield tag="100" ind1=" " ind2=" ">
    <subfield code="a">SOEM THU &#x179F;&#x17BB;&#x17B9;&#x1798; &#x1792;&#x17BC;</subfield>
  </datafield>
  <datafield tag="245" ind1=" " ind2=" ">
    <subfield code="a">comparison of different kinds of manure green onion ( Allium fistulosum L ) in tuek vil commune, S'ang district, kandal province &#x1780;&#x17B6;&#x179A;&#x1794;&#x17D2;&#x179A;&#x17C0;&#x1794;&#x1792;&#x17C0;&#x1794;&#x1787;&#x17B8;&#x179B;&#x17B6;&#x1798;&#x1780;&#x179F;&#x178F;&#x17D2;&#x179C;&#x179B;&#x17BE;&#x178A;&#x17C6;&#x178E;&#x17B6;&#x17C6;&#x1781;&#x17D2;&#x1791;&#x17B9;&#x1798;&#x179F;&#x17D2;&#x179B;&#x17BA;&#x1798;&#x1793;&#x17C5;&#x1783;&#x17BB;&#x17C6; &#x1791;&#x17BA;&#x1780;&#x179C;&#x17B7;&#x179B; &#x179F;&#x17D2;&#x179A;&#x17BB;&#x1780;&#x179F;&#x17D2;&#x17A2;&#x17B6;&#x1784;&#x1781;&#x17C1;&#x178F;&#x17D2;&#x178F;&#x1780;&#x178E;&#x17D2;&#x178F;&#x17B6;&#x179B;</subfield>
  </datafield>
  <datafield tag="260" ind1=" " ind2=" ">
    <subfield code="a">RUA</subfield>
    <subfield code="b">Phnom penh</subfield>
    <subfield code="c">2017</subfield>
  </datafield>
  <datafield tag="300" ind1=" " ind2=" ">
    <subfield code="a">xi;49p</subfield>
    <subfield code="b">ill;</subfield>
    <subfield code="c">29cm</subfield>
  </datafield>
  <datafield tag="856" ind1=" " ind2=" ">
    <subfield code="u">https://drive.google.com/file/d/1qloEUWptbSa9cpBs7R73l33mN5TP4ED-/view?usp=sharing</subfield>
  </datafield>
  <datafield tag="942" ind1=" " ind2=" ">
    <subfield code="c">AGR</subfield>
  </datafield>
  <datafield tag="999" ind1=" " ind2=" ">
    <subfield code="c">18233</subfield>
    <subfield code="d">18233</subfield>
  </datafield>
  <datafield tag="952" ind1=" " ind2=" ">
    <subfield code="0">0</subfield>
    <subfield code="1">0</subfield>
    <subfield code="2">ddc</subfield>
    <subfield code="4">0</subfield>
    <subfield code="6">AGR_SOM_2017_000000000000000_B646_OR_1</subfield>
    <subfield code="7">0</subfield>
    <subfield code="9">81688</subfield>
    <subfield code="a">LBB</subfield>
    <subfield code="b">LBB</subfield>
    <subfield code="c">B646</subfield>
    <subfield code="d">2019-09-04</subfield>
    <subfield code="o">AGR SOM 2017 B646 Or.1</subfield>
    <subfield code="p">A42036</subfield>
    <subfield code="r">2019-09-04</subfield>
    <subfield code="w">2019-09-04</subfield>
    <subfield code="y">AGR</subfield>
  </datafield>
  <datafield tag="952" ind1=" " ind2=" ">
    <subfield code="0">0</subfield>
    <subfield code="1">0</subfield>
    <subfield code="2">ddc</subfield>
    <subfield code="4">0</subfield>
    <subfield code="6">AGR_SOM_2017_000000000000000_B646_OR_2</subfield>
    <subfield code="7">0</subfield>
    <subfield code="9">81689</subfield>
    <subfield code="a">LBB</subfield>
    <subfield code="b">LBB</subfield>
    <subfield code="c">B646</subfield>
    <subfield code="d">2019-09-04</subfield>
    <subfield code="l">1</subfield>
    <subfield code="o">AGR SOM 2017 B646 Or.2</subfield>
    <subfield code="p">A42081</subfield>
    <subfield code="r">2023-05-15</subfield>
    <subfield code="s">2023-05-05</subfield>
    <subfield code="w">2019-09-04</subfield>
    <subfield code="y">AGR</subfield>
  </datafield>
  <datafield tag="952" ind1=" " ind2=" ">
    <subfield code="0">0</subfield>
    <subfield code="1">0</subfield>
    <subfield code="2">ddc</subfield>
    <subfield code="4">0</subfield>
    <subfield code="6">AGR_SOM_2017_000000000000000_B646_OR_3</subfield>
    <subfield code="7">0</subfield>
    <subfield code="9">81690</subfield>
    <subfield code="a">LBB</subfield>
    <subfield code="b">LBB</subfield>
    <subfield code="c">B646</subfield>
    <subfield code="d">2019-09-04</subfield>
    <subfield code="o">AGR SOM 2017 B646 Or.3</subfield>
    <subfield code="p">A42111</subfield>
    <subfield code="r">2019-09-04</subfield>
    <subfield code="w">2019-09-04</subfield>
    <subfield code="y">AGR</subfield>
  </datafield>
  <datafield tag="952" ind1=" " ind2=" ">
    <subfield code="0">0</subfield>
    <subfield code="1">0</subfield>
    <subfield code="2">ddc</subfield>
    <subfield code="4">0</subfield>
    <subfield code="6">AGR_SOM_2017_000000000000000_B646_OR_4</subfield>
    <subfield code="7">0</subfield>
    <subfield code="9">81691</subfield>
    <subfield code="a">LBB</subfield>
    <subfield code="b">LBB</subfield>
    <subfield code="c">B646</subfield>
    <subfield code="d">2019-09-04</subfield>
    <subfield code="o">AGR SOM 2017 B646 Or.4</subfield>
    <subfield code="p">A42371</subfield>
    <subfield code="r">2019-09-04</subfield>
    <subfield code="w">2019-09-04</subfield>
    <subfield code="y">AGR</subfield>
  </datafield>
  <datafield tag="952" ind1=" " ind2=" ">
    <subfield code="0">0</subfield>
    <subfield code="1">0</subfield>
    <subfield code="2">ddc</subfield>
    <subfield code="4">0</subfield>
    <subfield code="6">AGR_SOM_2017_000000000000000_B646_OR_5</subfield>
    <subfield code="7">0</subfield>
    <subfield code="9">81692</subfield>
    <subfield code="a">LBB</subfield>
    <subfield code="b">LBB</subfield>
    <subfield code="c">B646</subfield>
    <subfield code="d">2019-09-04</subfield>
    <subfield code="o">AGR SOM 2017 B646 Or.5</subfield>
    <subfield code="p">A43367</subfield>
    <subfield code="r">2019-09-04</subfield>
    <subfield code="w">2019-09-04</subfield>
    <subfield code="y">AGR</subfield>
  </datafield>
  <datafield tag="952" ind1=" " ind2=" ">
    <subfield code="0">0</subfield>
    <subfield code="1">0</subfield>
    <subfield code="2">ddc</subfield>
    <subfield code="4">0</subfield>
    <subfield code="6">AGR_SOM_2017_000000000000000_B646_OR_6</subfield>
    <subfield code="7">0</subfield>
    <subfield code="9">81693</subfield>
    <subfield code="a">LBB</subfield>
    <subfield code="b">LBB</subfield>
    <subfield code="c">B646</subfield>
    <subfield code="d">2019-09-04</subfield>
    <subfield code="o">AGR SOM 2017 B646 Or.6</subfield>
    <subfield code="p">A42499</subfield>
    <subfield code="r">2019-09-04</subfield>
    <subfield code="w">2019-09-04</subfield>
    <subfield code="y">AGR</subfield>
  </datafield>
</record>
